Mr. Registrar : (Record no. 2309)
[ view plain ]
| 000 -LEADER | |
|---|---|
| fixed length control field | 00475cam a2200169 a 4500 |
| 001 - CONTROL NUMBER | |
| control field | 11995808 |
| 005 - DATE AND TIME OF LATEST TRANSACTION | |
| control field | 20241216102832.0 |
| 008 - FIXED-LENGTH DATA ELEMENTS--GENERAL INFORMATION | |
| fixed length control field | 991116s1999 gh a 000 0aeng |
| 020 ## - INTERNATIONAL STANDARD BOOK NUMBER | |
| International Standard Book Number | 9964978596 |
| 050 00 - LIBRARY OF CONGRESS CALL NUMBER | |
| Classification number | LG497.L43 |
| Item number | D27 1999 |
| 082 00 - DEWEY DECIMAL CLASSIFICATION NUMBER | |
| Classification number | 378.667 |
| Edition information | 21 |
| 100 1# - MAIN ENTRY--PERSONAL NAME | |
| Personal name | Daniel, Ebow. |
| 245 10 - TITLE STATEMENT | |
| Title | Mr. Registrar : |
| Remainder of title | the making of an amanuensis / |
| Statement of responsibility, etc. | Ebow Daniel. |
| 260 ## - PUBLICATION, DISTRIBUTION, ETC. | |
| Place of publication, distribution, etc. | Accra : |
| Name of publisher, distributor, etc. | Woeli Pub. Services, |
| Date of publication, distribution, etc. | 1999. |
| 300 ## - PHYSICAL DESCRIPTION | |
| Extent | 289 p. : |
| Other physical details | ill. ; |
| Dimensions | 21 cm. |
| 942 ## - ADDED ENTRY ELEMENTS (KOHA) | |
| Source of classification or shelving scheme | Library of Congress Classification |
| Koha item type | Books |
| Suppress in OPAC | No |
| 999 ## - | |
| -- | 2309 |
| -- | 2309 |
| Withdrawn status | Lost status | Source of classification or shelving scheme | Damaged status | Not for loan | Collection | Home library | Current library | Shelving location | Date acquired | Total checkouts | Full call number | Barcode | Date last seen | Copy number | Price effective from | Koha item type |
|---|---|---|---|---|---|---|---|---|---|---|---|---|---|---|---|---|
| Library of Congress Classification | Non-fiction | Undergraduate Library (Christ Temple) | Undergraduate Library (Christ Temple) | General stacks | 12/16/2024 | LG497.L43 DAN | ulct00000636 | 12/16/2024 | 1 | 12/16/2024 | Books | |||||
| Library of Congress Classification | Non-fiction | Undergraduate Library (Christ Temple) | Undergraduate Library (Christ Temple) | General stacks | 12/16/2024 | LC497.L43 DAN | ulct00000639 | 12/16/2024 | 1 | 12/16/2024 | Books |